[Event "POLFINALY MISTRZOSTW POLSKI JUNIOROW 2021 C-13"]
[Site "Jatrzebia Gora"]
[Date "1899-12-30"]
[Round "9.13"]
[White "Osinski, Maksymilian"]
[Black "Trusewicz, Jakub"]
[Result "1-0"]
[WhiteTitle "II"]
[BlackTitle "II"]
[WhiteElo "1238"]
[BlackElo "1222"]

1. e4 e5 2. Nf3 Nc6 3. Bb5 a6 4. Ba4 Nf6 5. O-O b5 6. Bb3 Bc5 7. c3 d6 8. d3 h6
9. h3 O-O 10. Be3 Bb7 11. Nbd2 Qd7 12. Re1 Rad8 13. Bxc5 dxc5 14. Re3 Nh5 15.
Bd5 Rfe8 16. Ng5 hxg5 17. Qxh5 Qe7 18. Rg3 Na5 19. Nf3 g6 20. Qxg6+ Kh8 21. Qh6+
Kg8 22. Rxg5+ 1-0

[Event "POLFINALY MISTRZOSTW POLSKI JUNIOROW 2021 C-13"]
[Site "Jatrzebia Gora"]
[Date "1899-12-30"]
[Round "9.14"]
[White "Stanik, Szymon"]
[Black "Krzastek, Adrian"]
[Result "1-0"]
[WhiteTitle "II"]
[BlackTitle "II"]
[WhiteElo "1372"]
[BlackElo "1220"]

1. e4 c5 2. Nf3 Nc6 3. d4 cxd4 4. Nxd4 Nf6 5. Nc3 e5 6. Ndb5 d6 7. Nd5 Nxd5 8.
exd5 Nb8 9. c4 Be7 10. Be2 O-O 11. O-O a6 12. Nc3 f5 13. f4 Nd7 14. Qc2 g6 15.
Be3 exf4 16. Bxf4 Nc5 17. b4 Nd7 18. Qb3 Qb6+ 19. Kh1 Bf6 20. Na4 Qc7 21. Rac1
Ne5 22. Bxe5 Bxe5 23. c5 dxc5 24. d6+ c4 25. Bxc4+ Qxc4 26. Qxc4+ Kh8 27. Qd5
Bf6 28. Nb6 Rb8 29. Nxc8 Rfxc8 30. Rxc8+ Rxc8 31. d7 Rd8 32. Qf7 Bg5 33. Re1 b5
34. Re8+ Rxe8 35. dxe8=R# 1-0

[Event "POLFINALY MISTRZOSTW POLSKI JUNIOROW 2021 C-13"]
[Site "Jatrzebia Gora"]
[Date "1899-12-30"]
[Round "9.16"]
[White "Kempinski, Szymon"]
[Black "Pachura, Mateusz"]
[Result "1-0"]
[WhiteTitle "II"]
[BlackTitle "III"]
[WhiteElo "1103"]
[BlackElo "1107"]

1. e4 c5 2. Nf3 e6 3. d4 cxd4 4. Nxd4 a6 5. Be3 Nf6 6. f3 Qb6 7. b3 Bc5 8. Qd2
Nc6 9. c3 O-O 10. Nc2 d5 11. Bd3 dxe4 12. Bxe4 Rd8 13. Qe2 Ne5 14. Nd4 h6 15.
b4 Bxd4 16. Bxd4 Rxd4 17. cxd4 Qxd4 18. Qd2 Qxa1 19. Qd8+ Ne8 20. Qxe8# 1-0

[Event "POLFINALY MISTRZOSTW POLSKI JUNIOROW 2021 C-13"]
[Site "Jatrzebia Gora"]
[Date "1899-12-30"]
[Round "9.17"]
[White "Spionkowski, Fabian"]
[Black "Leoniuk, Jan"]
[Result "0-1"]
[WhiteTitle "I+"]
[BlackTitle "II"]
[WhiteElo "1687"]
[BlackElo "1212"]

1. e4 e5 2. Nf3 Nc6 3. d4 exd4 4. Bc4 Be7 5. c3 d3 6. Qb3 d6 7. Bxf7+ Kf8 8. Bxg8
Rxg8 9. Bf4 Bf6 10. Qd5 Qe7 11. O-O Bg4 12. Nbd2 g5 13. Bg3 h5 14. h3 Bxf3 15.
Nxf3 h4 16. Bh2 g4 17. hxg4 Rxg4 18. Qf5 Qg7 19. g3 Ke7 20. Rfe1 Rh8 21. Kf1 hxg3
22. fxg3 d2 23. Nxd2 Rxh2 24. Nf3 Rh1+ 25. Ke2 Rxe1+ 26. Rxe1 Qg8 27. Rh1 Rxg3
28. Rh6 Be5 29. Nh4 Qc4+ 30. Kf2 Qc5+ 31. Kf1 Qg1+ 32. Ke2 Qe3+ 33. Kd1 Qxh6 34.
Qxe5+ Nxe5 35. Nf5+ Kf6 36. Nxh6 Rg1+ 37. Kc2 Rg2+ 0-1

[Event "POLFINALY MISTRZOSTW POLSKI JUNIOROW 2021 C-13"]
[Site "Jatrzebia Gora"]
[Date "1899-12-30"]
[Round "9.19"]
[White "Weber, Dorian"]
[Black "Kolendo, Tymon"]
[Result "1/2-1/2"]
[WhiteTitle "III"]
[BlackTitle "III"]
[WhiteElo "1002"]
[BlackElo "1086"]

1. e4 e6 2. d4 d5 3. Nc3 Bb4 4. a3 Bxc3+ 5. bxc3 dxe4 6. f3 exf3 7. Nxf3 Nd7 8.
Bd3 Ngf6 9. Bg5 O-O 10. O-O h6 11. Bh4 Qe8 12. Ne5 Nxe5 13. dxe5 Nd5 14. Qd2 b6
15. Rf3 Bb7 16. Rg3 Kh8 17. Bf6 Nxf6 18. exf6 g5 19. Rxg5 Qc6 20. Rg3 Qc5+ 21.
Kh1 Qh5 22. Be2 Qh4 23. Rf1 Rg8 24. Kg1 Rg5 25. Rxg5 Qxg5 26. Qxg5 hxg5 27. Bd3
Rd8 28. g3 c5 29. h4 gxh4 30. gxh4 Rg8+ 1/2-1/2

[Event "POLFINALY MISTRZOSTW POLSKI JUNIOROW 2021 C-13"]
[Site "Jatrzebia Gora"]
[Date "1899-12-30"]
[Round "9.21"]
[White "Mejer, Blazej"]
[Black "Sambor, Piotr"]
[Result "1/2-1/2"]
[WhiteTitle "III"]
[BlackTitle "II"]
[WhiteElo "1024"]
[BlackElo "1107"]

1. c4 e6 2. Nc3 c5 3. e3 d5 4. d4 Nc6 5. Nf3 Nf6 6. Be2 dxc4 7. Bxc4 a6 8. dxc5
Qxd1+ 9. Nxd1 Bxc5 10. O-O b5 11. Be2 Ke7 12. b3 Ne4 13. Bb2 Rg8 14. Nc3 Nxc3
15. Bxc3 Bb7 16. Rfd1 h6 17. Ne5 Nxe5 18. Bxe5 f6 19. Rac1 Rac8 20. Rxc5 fxe5
21. Rdc1 Rxc5 22. Rxc5 Kd6 23. b4 Rc8 24. Rxc8 Bxc8 25. e4 Bb7 26. f3 g5 27. g4
Ke7 28. h3 Kd6 29. a3 Ke7 30. Kf2 Kd6 31. Kg1 1/2-1/2